000 00852cam a2200277 i 4500
999 _c2007
_d2007
001 2709719
003 OSt
005 20180922142901.0
008 770420s1976 cauaf b 000 0 eng
010 _a 76151887
020 _a0917214013 :
_c$1.95
040 _aDLC
_cDLC
_dDLC
050 0 0 _aBS658
_b.B34
082 0 0 _a222.11
_bB196I
100 1 _aBalsiger, David W.
245 0 0 _aIn search of Noah's ark /
_cby Dave Balsiger & Charles E. Sellier, Jr.
260 _aLos Angeles :
_bSun Classic Books,
_cc1976.
300 _a218 p., [16] leaves of plates :
_bill. ;
_c18 cm.
504 _aBibliography: p. 216-217.
650 0 _aNoah's ark.
650 0 _aDeluge.
700 1 _aSellier, Charles E.,
_ejoint author.
730 _aIn search of Noah's ark. [Motion picture]
906 _a7
_bcbc
_corignew
_d2
_encip
_f19
_gy-gencatlg
942 _2ddc
_cBK